00405nam a2200133 a 4500008004100000110002600041245008700067260004900154300002900203650001200232003000100244005001700245040000900262  aCentral Census Office10aCensus 1992 :bprovincial profile, Mashonaland East /cCentral Statistical office. aHarare :bCentral statistical office,c1992. a153 p. :bill. ;c31 cm. 1aCensus.20230123134358.0 cNUST